000 00923nam a2200253 a 4500
001 BRCA_7049
005 20190320205707.0
008 011211s2009----mx-a######---#000-0#spa-#
020 _a9786074161380
041 _aspa
044 _amx
050 4 _aML128
_b.S25 2009
100 1 _aSalgado Ruelas, Silvia
_917520
245 1 0 _aLibros de Coro conservados en la Biblioteca Nacional de México
_cSilvia Salgado Ruelas.
260 _aMéxico
_bApoyo al Desarrollo de Archivos y Bibliotecas de México
_c2009
300 _a301 p.
_bil. a color
_c28 cm.
_eCd.
500 _aIncluye índice alfabético
504 _aBibliografía: p. 285-294
610 2 4 _aBiblioteca Nacional de México
_vCatálogos
_95836
650 1 4 _aMúsica religiosa
_vBibliografía
_zMéxico
_917521
650 1 4 _aLibros de coro
_vCatálogos
_xIglesia católica
_917522
650 1 4 _aIluminación de libros y manuscritos
_zMéxico
_917523
942 _2lcc
_cB
999 _c6730
_d6730